02375cam a22003737i 4500999001700000001000900017003000900026005001700035008004100052020002400093035002400117040005700141082002100198100002900219245008300248264005300331300004000384336002600424336003300450337002800483338002700511500002000538500003200558520098400590650003601574650004701610653002001657655002401677700003301701700002901734906004501763942001201808952018101820 c29310d2928121386282EG-ScBUE20210803105759.0200114s2019 enka f 001 0 eng d a9781782217817 (pbk) a(OCoLC)on1108591156 aAU@bengerdacAU@dOCLCOdOCLCFdTVPdDLCdEG-ScBUE04a751.426bJEL2221 aJelbert, Wendy,eauthor.10aAcrylic painting :bstep-by-step /cWendy Jelbert, David Hyde & Carole Massey. 1aTunbridge Wells, England :bSearch Press,c2019. a144 pages :billustrations ;c26 cm atextbtxt2rdacontent astill imagebsti2rdacontent aunmediatedbn2rdamedia avolumebnc2rdacarrier aIncludes index. aOriginally published: 2009. aThis is a practical and inspiring guide for all acrylics enthusiasts, from the beginner to the experienced artist. There is helpful general advice on which materials to choose, and then three high profile artists share their expertise, tips and techniques. Wendy Jelbert explains the basics of painting with acrylics and gives advice on useful techniques and the effects they can create. David Hyde writes on painting landscapes with acrylics, from composing landscapes and choosing colours to creating depth and painting different seasons. Carole Massey shares her flower painting expertise with advice on flower colours, drawing flowers, composing flower paintings and using tone. Finally Wendy Jelbert explores further creative techniques for painting with acrylics and shows how these can be applied in paintings. There are ten easy to follow step-by-step demonstrations with clear photographs and helpful instructions, and many inspirational paintings for readers to admire. 7aAcrylic painting.2BUEsh937852 7aAcrylic paintingxTechnique.2BUEsh937852 bARTcAugust2021 vReading book9342321 aHyde, David,d1947-eauthor.1 aMassey, Carole,eauthor. a7bcbcccopycatd2encipf20gy-gencatlg 2ddccBB 00102ddc40708AlahramaMAINbMAINc2NDd2021-08-03ePurchaseg210.00h275l5m55o751.426 JELp000050475q2026-05-21r2025-10-01 00:00:00s2025-10-01v262.50w2021-08-03yBB